01341 2200445 4500001002100000005001500021035002000036007000300056008004100059020002200100082001500122084001700137100004000154245011100194300002900305650003200334700004100366504003000407264003400437336002100471337003000492338002300522040002200545090002200567250002600589850001200615999002200627990002200649990002000671990002000691990002000711990002000731990002200751990002000773990002000793990002000813990002200833990002000855990002000875INLIS00000000087880620240826095928 a0010-0523000683ta230526s2023 yoi g ind d a978-623-357-065-704223a495.68 a495.68 SET a0 aSetiawan Agung PamungkasePengarang10aAutodidak cas cis cus jago Bahasa Jepang /cSetiawan Agung Pamungkas; penyunting, Setiawan Agung Pamungkas aiv, 302 halaman ;c19 cm 4aBahasa Jepang--xPercakapan0 aSetiawan Agung PamungkasePenyunting aBibliografi : halaman 30131aSleman :bC-Klik Media,c2023 2rdacontentateks 2rdamediaatanpa perantara 2rdacarrieravolume aYOPDYOGbinderda aCB-D.11 2023-0479 aCetakan Pertama, 2023 aYOPDYOG aCB-D.11/2023-0479 aCB-D.11/2023-0479 a70783-PD/A.2023 a72035-PD/A.2024 a72036-PD/A.2024 a72035-PD/A.2024 aCB-D.11/2023-0479 a70783-PD/A.2023 a72036-PD/A.2024 a72036-PD/A.2024 aCB-D.11/2023-0479 a70783-PD/A.2023 a72035-PD/A.2024